000
00324 a2200157 4500
001
178589
020
_a
040
_c
Magnum
100
_a
Junqueira, Sonia
240
1
0
_a
Jacare predeu a boca
_l
por
245
1
0
_a
Jacare predeu a boca
362
0
_a
1899
440
1
_a
Moderna
697
_a
MAGNITO: GERAL
942
_c
BK
999
_c
178589
_d
178589